| 000 | 00352nam a22001457a 4500 | ||
|---|---|---|---|
| 020 | _qPB. | ||
| 040 | _cFIZZA ISHAQ | ||
| 082 |
_a658.5 _bIIL |
||
| 100 |
_aEDUCATION, IIL. _986838 |
||
| 245 |
_aINTRODUCTION TO INFORMATION TECHNOLOGY / _cIIL EDUCATION. |
||
| 250 | _a2nd ED. | ||
| 260 |
_aNEW YORK : _c2011. |
||
| 300 | _a757 P, ; | ||
| 942 |
_2ddc _cBK |
||
| 999 |
_c587426 _d587426 |
||